000 00315nam a22001337a 4500
008 181016b xxu||||| |||| 00| 0 eng d
020 _a9781416054689
041 _aeng
080 _26 ed
_a610.73
100 _a3
101 _anur
245 _aThe Practice Of Nursing Research
_cBurns.N
942 _2udc
_cBK
999 _c49919
_d49919